000 00604nam a22001937a 4500
005 20251108175212.0
008 250721s1981 xx 000 0 ara d
082 1 4 _a813.09/ياغ
100 1 _aياغي، هاشم
245 1 0 _aالقصة القصيرة في فلسطين والاردن /
264 1 _aبيروت _ لبنان :
_bالمؤسسةالعربية للدراسات والنشر،
_c1981.
300 _a296ص.
650 1 7 _aالنقد الادبي
650 1 7 _aالقصة القصيرة
650 1 7 _aالاردن
650 1 7 _aفلسطين
942 _2ddc
_cBK
999 _c128572
_d128572